000 00446nam a2200181Ia 4500
001 14377
005 20260306164909.0
008 260306t2013||||xx |||||||||||||| ||spa||
041 _aESP
082 _a512.5
_bK73 2013
100 _aKolman, Bernard
_eAUT
245 0 _aÁlgebra lineal:
_bfundamentos y aplicaciones
260 _c2013
300 _axi, 473 páginas :
_c26 cm.
650 _aGEN
654 _aCMA
942 _cLIB
_dJUS
_fJUS
_2ddc
_n
999 _c14377
_d14377